Tepelné pochody II : Výměníky tepla, odpařování, sušení, průmyslové pece a elektrický ohřev

Guardado en:
Detalles Bibliográficos
Autores principales: Šesták, Jiří (Autor), Žitný, Rudolf (Autor)
Formato: Libro
Lenguaje:checo
Publicado: Praha : České vysoké učení technické v Praze, 1997
Edición:1. vyd.
Materias:
Etiquetas: Agregar Etiqueta
Sin Etiquetas, Sea el primero en etiquetar este registro!

MARC

LEADER 00000nam a22000003a 4500
001 stu123302
005 20150617225857.1
008 060714s1997----xr------------------cze-d
020 |a 80-01-01630-7 
040 |a STU  |b slo 
041 0 |a cze 
044 |a xr 
080 |a 536.2 
100 1 |a Šesták, Jiří  |4 aut 
245 1 |a Tepelné pochody II :  |b Výměníky tepla, odpařování, sušení, průmyslové pece a elektrický ohřev 
250 |a 1. vyd. 
260 |a Praha :  |b České vysoké učení technické v Praze,  |c 1997 
300 |a 165 s 
650 7 |a tepelné pochody  |2 stusub 
700 1 |a Žitný, Rudolf  |4 aut 
996 |b 284J030481  |c J*2550-1  |l JJSK  |s A  |a 24  |w stu123302_0001